000 00718nam a22002297a 4500
999 _c12261
_d12261
003 AR-CdUCM
008 190408b ||||| |||| 00| 0 spa d
020 _a968-6589-25-2
040 _aMUNICIPALIDAD PROVINCIAL DEL CUSCO
_cBIBLIOTECA MUNICIPAL DEL CUSCO
041 _heng
082 _aES / 428 /
_bH71
100 _aHolt, Ronald
_930028
245 _aEnglish for South America :
_bBook one /
260 _aMexico :
_bMacmillan Editores,
_c1997.
300 _a118 paginas ;
_bIlustraciones, Graficos, Dibujos,
_c26 cm.
500 _aTexto educativo en ingles
650 _aTexto Educativo
_925832
650 _aLiteratura
_983
650 _aEducación
_9460
942 _2ddc
_cLIBROS
945 _apjha
_d2019-04-08